000 nam a22 a 4500
999 _c1054
_d1054
003 AKMAL
005 20170508114418.0
008 170508s2001 my g| 000 0 may d
020 _a9839878360
040 _aAKMAL
_cAKMAL
082 0 4 _a297.27209595 WAN
_222
090 0 0 _a297.09595
_bWAN
100 _aWan Zahidi Wan Teh,
_cDatuk,
_d1942-
_92211
245 1 _aMalaysia adalah sebuah negara Islam /
_cDato' Wan Zahidi Wan Teh
260 _aKuala Lumpur :
_bJabatan Hal Ehwal Khas, Kementerian Penerangan Malaysia ,
_c2001
300 0 0 _a32ms. :
_c21cm.
500 _aTeks dalam skrip Jawi
500 _aMengandungi ayat-ayat dari Qur'an
500 _aSumbangan daripada : Y.Bhg. Tan Sri Dato' Seri Musa bin Mohamad
650 0 _aIslam
_zMalaysia
_91948
650 0 _aIslamic countries
_92212
710 2 _aKementerian Penerangan.
_bJabatan Hal Ehwal Khas
_92213
942 _2ddc
_cBOOK